Moderné metódy priebežnej identifikácie systémov a ich nasadenie v strojárenstve

Enregistré dans:
Détails bibliographiques
Auteur principal: Bartko, Michal, 1987- (Auteur)
Autres auteurs: Vachálek, Ján, 1973- (Directeur de thèse)
Format: Manuscrit Livre
Langue:slovaque
Publié: Bratislava : STU v Bratislave SjF, 2013
Sujets:
Accès en ligne:VAIS
Tags: Ajouter un tag
Pas de tags, Soyez le premier à ajouter un tag!

MARC

LEADER 00000ntm a22000003a 4500
001 stu286825
005 20150617230256.2
008 140321s2013----xo------------------slo-d
040 |a STU  |b slo 
041 0 |a slo 
044 |a xo 
100 1 |a Bartko, Michal,  |d 1987-  |4 aut  |u J0020  |U SjF Strojnícka fakulta  |T SjF Ústav automatizácie, merania a aplikovanej informatiky  |X 48834  |U J0020  |Y 802  |7 A000048834 
242 0 0 |a Modern methods of robust on – line identification of systems and their application in engineering  |y eng 
245 1 |a Moderné metódy priebežnej identifikácie systémov a ich nasadenie v strojárenstve 
260 |a Bratislava :  |b STU v Bratislave SjF,  |c 2013 
650 7 |a Automation and Informatics of Machines and Processes  |2 estusub 
650 7 |a adaptive control  |2 estusub 
650 7 |a adaptívne riadenie  |2 stusub 
650 7 |a automatizácia a informatizácia strojov a procesov  |2 stusub 
700 1 |a Vachálek, Ján,  |d 1973-  |4 ths  |u J0020  |U SjF Strojnícka fakulta  |T SjF Ústav automatizácie, merania a aplikovanej informatiky  |X 2232  |U J0020  |Y 802  |7 A000002232 
856 4 |a info a plný text  |u http://is.stuba.sk/zp/portal_zp.pl?podrobnosti=94866  |3 VAIS